Leijonien pelinumeroita - Statistics

Yleistilastot
  • Tätä visaa on pelattu 141 kertaa
    91 viimeisimmän päivityksen jälkeen
  • Keskiarvotulos 48 / 77
Vastaustilastot
% Oikein
8 Pekka Laksola | Teemu Selänne | Kari Harila | Janne Ojanen | Kaj Linna | Jussi Jokinen | Hannes Hyvönen
99%
21 Christian Ruuttu | Juha Ylönen | Jyrki Lumme | Niko Kapanen | Mikko Koivu | Janne Niskala | Ilari Melart | Jori Lehterä | Juhani Tyrväinen | Jere Innala | Patrik Puistola
95%
9 Heikki Leime | Ville Sirén | Kai Rautio | Esa Keskinen | Olli Jokinen | Toni Lydman | Niklas Hagman | Mikko Luoma | Mikko Koivu
95%
5 Jarmo Kuusisto | Timo Jutila | Aki Berg | Sami Salo | Sami Helenius | Pekka Saravo | Lasse Kukkonen | Atte Ohtamaa
92%
42 Mikko Mäkelä | Jere Karalahti | Juha Lind | Jere Sallinen | Tomi Sallinen | Miro Heiskanen | Sami Vatanen | Kasperi Kapanen | Robin Salo
91%
12 Janne Laukkanen | Olli Jokinen | Jani Tuppurainen | Marko Anttila | Jori Lehterä | Jere Innala
90%
32 Kimmo Timonen | Petri Varis | Jarkko Ruutu | Kimmo Rintanen | Niklas Bäckström | Toni Lydman |Kari Lehtonen | Antti Raanta | Juuse Saros | Emil Larmi
90%
13 Risto Jalo | Teppo Kivelä | Saku Koivu | Marko Palo | Jere Karalahti | Petteri Wirtanen | Julius Junttila | Mikael Ruohomaa | Jesse Puljujärvi
90%
11 Juha Järvenpää | Jari Lindroos | Vesa Viitakoski | Saku Koivu | Juuso Hietanen
87%
20 Jukka Vilander | Risto Kurkinen | Marko Palo | Jere Lehtinen | Antti Miettinen | Lasse Pirjetä | Petri Pakaslahti | Sean Bergenheim | Janne Pesonen | Sebastian Aho | Eeli Tolvanen | Niko Ojamäki
87%
29 Pekka Tirkkonen | Jyrki Lumme | Juha Riihijärvi | Mika Alatalo | Timo Pärssinen | Lasse Pirjetä | Kalle Kerman | Lauri Korpikoski | Petteri Nokelainen | Miika Lahti | Patrik Laine | Harri Säteri | Ahti Oksanen
86%
28 Raimo Helminen | Jarkko Varvio | Petri Varis | Niko Kapanen | Toni Sihvonen | Jani Rita |Anssi Salmela | Lauri Korpikoski | Jyri Marttinen | Henri Jokiharju
83%
27 Timo Peltomaa | Tero Lehterä | Kai Nurminen | Teppo Numminen | Antti-Jussi Niemi | Juha Lind | Timo Pärssinen | Mikko Jokela | Petri Kontiola | Joonas Donskoi | Markus Hännikäinen | Eetu Luostarinen
83%
30 Jukka Tammi | Markus Ketterer | Pasi Nurminen | Jussi Markkanen | Jani Hurme | Fredrik Norrena | Antero Niittymäki | Iiro Tarkki | Kevin Lankinen | Christian Heljanko | Lassi Lehtinen
82%
41 Antti Aalto | Petri Kontiola | Leo Komarov |Pasi Puistola | Antti Pihlström | Miro Heiskanen | Joel Kiviranta | Jan-Mikael Järvinen
81%
31 Ari Sulander | Miikka Kiprusoff | Kari Lehtonen |Pasi Nurminen | Jussi Markkanen | Antero Niittymäki | Karri Rämö | Petri Vehanen | Joni Ortio | Antti Niemi | Mikko Koskinen | Janne Juvonen | Justus Annunen
81%
24 Reijo Mikkolainen | Juha Riihijärvi | Sami Kapanen | Toni Sihvonen | Antti Laaksonen | Jari Viuhkola |Jani Lajunen | Joonas Kemppainen | Kasperi Kapanen | Kaapo Kakko | Hannes Björninen
81%
22 Ari Vuori | Pekka Tirkkonen | Timo Saarikoski | Christian Ruuttu | Jarkko Varvio | Mikko Eloranta | Tommi Santala | Mika Pyörälä | Miikka Salomäki | Ossi Louhivaara | Ville Pokka | Janne Pesonen | Arttu Ruotsalainen
79%
10 Esa Tikkanen | Marko Jantunen | Niklas Hagman | Ville Nieminen | Esa Pirnes | Jere Karalahti | Sean Bergenheim | Joel Armia
79%
7 Simo Saarinen | Waltteri Immonen | Teppo Numminen | Antti-Jussi Niemi | Aki Berg | Mikko Mäenpää |Esa Lindell | Niko Mikkola | Oliwer Kaski
79%
62 Olli Jokinen | Jarkko Immonen | Oskar Osala
79%
16 Hannu Järvenpää | Keijo Säilynoja | Ville Peltonen | Niklas Hagman | Aleksander Barkov
78%
2 Teppo Numminen | Mikko Haapakoski | Marko Kiprusoff | Lasse Kukkonen | Teemu Laakso | Jyrki Jokipakka | Ville Pokka | Mikko Lehtonen | Rasmus Rissanen
78%
88 Ville Sirén | Teemu Selänne
78%
1 Markus Ketterer | Kari Takko | Jukka Tammi | Ari-Pekka Siekkinen | Pasi Kuivalainen | Jani Hurme | Miikka Kiprusoff | Juuse Saros
77%
26 Esa Keskinen | Juha Ylönen | Mika Strömberg | Timo Pärssinen | Toni Söderholm | Jere Lehtinen |Jarkko Immonen
75%
3 Kai Rautio | Hannu Henriksson | Timo Blomqvist | Petteri Nummelin | Olli Määttä | Niklas Friman
75%
96 Mikko Rantanen
75%
39 Vesa Viitakoski | Niko Kapanen | Ville Viitaluoma |Jesse Puljujärvi | Kim Nousiainen
75%
6 Arto Ruotanen | Pasi Sormunen | Janne Niinimaa | Tuomas Grönman | Kari Martikainen | Ossi Väänänen | Tom Koivisto | Pekka Saravo | Sami Salo | Topi Jaakola | Tuukka Mäntylä | Tommi Kivistö | Julius Honka | Tony Sund | Niklas Friman
74%
44 Harri Laurila | Janne Niinimaa | Jukka-Pekka Laamanen | Kimmo Timonen | Sami Vatanen | Mikko Lehtonen
74%
15 Pekka Arbelius | Mika Nieminen | Hannu Järvenpää | Mika Alatalo | Antti Törmänen | Antti Laaksonen | Niklas Hagman | Tony Virta | Tuomo Ruutu | Juha-Pekka Hytönen | Miro Aaltonen | Arttu Ilomäki | Anton Lundell | Juha Jääskä | Lenni Hämeenaho
74%
36 Juha Ylönen | Marko Tuulola | Jussi Jokinen |Joonas Järvinen
74%
64 Mikael Granlund
74%
35 Sakari Lindfors | Jarmo Myllys | Vesa Toskala | Jani Hurme | Mika Noronen | Sinuhe Wallinheimo | Petri Vehanen | Pekka Rinne | Teemu Lassila | Atte Engren | Ville Husso | Veini Vehviläinen | Frans Tuohimaa
73%
34 Tony Virta | Kari Lehtonen | Toni Söderholm |Juuso Riksman | Miikka Kiprusoff | Olli Palola
73%
40 Mika Nieminen | Antti-Jussi Niemi | Sami Lepistö | Antti Pihlström | Jarno Koskiranta | Tuukka Rask | Tomi Sallinen | Petteri Lindbohm
71%
4 Jyrki Lumme | Kari Eloranta | Erik Hämäläinen | Kimmo Timonen | Ville Koistinen | Ossi Väänänen |Tommi Kivistö | Mikko Lehtonen
70%
19 Sakari Lindfors | Juha Lind | Vesa Toskala | Fredrik Norrena | Mikko Luoma | Jyrki Välivaara | Tuomas Kiiskinen | Veli-Matti Savinainen | Mikko Koskinen | Konsta Helenius | Waltteri Merelä
70%
33 Marko Tuomainen | Tony Virta | Mikko Lehtonen |Pekka Saravo | Anssi Salmela | Niklas Bäckström | Niko Hovinen | Atte Engren | Emil Larmi | Veli-Matti Vittasmäki
66%
37 Kai Nurminen | Juha Ylönen | Toni Mäkiaho | Jarkko Ruutu | Mika Pyörälä | Juha-Pekka Haataja | Eero Kilpeläinen | Atro Leppänen
65%
14 Pauli Järvinen | Petri Skriko | Jere Lehtinen | Jari Korpisalo | Raimo Helminen | Niklas Hagman
65%
91 Aleksander Barkov | Juho Lammikko
64%
23 Hannu Henriksson | Hannu Virta | Juha Ikonen | Tommi Santala | Jari Viuhkola | Riku Hahl |Sakari Salminen | Joonas Kemppainen | Esa Lindell | Nikolas Matinpalo
64%
17 Jari Kurri | Tomi Kallio
64%
79 Oliver Kapanen
64%
18 Pekka Tuomisto | Antti Aalto | Joni Lius | Tony Virta | Tuukka Mäntylä | Hannes Hyvönen | Sami Lepistö | Jesse Joensuu | Saku Mäenalanen | Vili Saarijärvi
62%
61 Esa Pirnes | Tommi Huhtala | Aleksander Barkov |Axel Rindell | Juuso Pärssinen
60%
72 Juha Lind | Janne Laukkanen | Joonas Donskoi
57%
86 Teuvo Teräväinen | Veli-Matti Savinainen
56%
45 Oskar Osala | Sami Vatanen | Jussi Olkinuora
53%
25 Raimo Summanen | Rauli Raitanen | Kimmo Rintanen | Toni Sihvonen | Jukka Hentunen | Joni Pitkänen | Pekka Jormakka | Juha-Pekka Hytönen | Jonas Enlund | Toni Rajala | Jere Karjalainen | Joona Ikonen
52%
55 Janne Grönvall | Esa Pirnes | Atte Ohtamaa |Rasmus Ristolainen | Miika Koivisto
52%
47 Janne Lahti | Ville Lajunen | Peter Tiivola | Eemil Erholtz
51%
73 Jarkko Ruutu
51%
51 Juha-Pekka Hytönen | Valtteri Filppula | Tomi Sallinen
51%
77 Antti-Jussi Niemi | Juha Metsola | Markus Nutivaara
49%
71 Tomi Kallio | Leo Komarov | Kristian Kuusela |Ahti Oksanen
49%
70 Teemu Hartikainen | Joonas Korpisalo | Niko Mikkola
48%
74 Antti Suomela | Juuse Saros
47%
52 Raimo Summanen | Jori Lehterä | Mikael Seppälä
47%
50 Juhamatti Aaltonen | Miika Koivisto | Juuso Riikola |Mikael Seppälä
47%
84 Kaapo Kakko
45%
82 Ville Vahalahti | Harri Pesonen | Jesper Mattila
43%
80 Janne Ojanen | Saku Mäenalanen
36%
81 Iiro Pakarinen | Jukka Peltola | Eeli Tolvanen
36%
65 Sakari Manninen
36%
38 Antti Pihlström | Juuso Hietanen | Teemu Turunen
34%
56 Lasse Pirjetä | Joonas Järvinen | Erik Haula |Teemu Pulkkinen
34%
76 Jere Sallinen
25%
58 Jesse Joensuu | Jani Hakanpää
17%
63 Topi Jaakola
10%
60 Julius Honka
9%
48 Valtteri Puustinen
8%
49 Tuomas Pihlman
6%
57 Arttu Hyry
1%
46 Janne Jalasvaara
1%
Ehtoja vastaavia visoja ei löytynyt
Tulosjakauma
Jokaisen tuloksen saaneiden osuus
Persentiili vastausten määrän mukaan
Tuloshistoriasi
Et ole pelannut tätä visaa sen viimeisimmän päivityksen jälkeen